Algorithm design
Đã lưu trong:
| 主要作者: | |
|---|---|
| 格式: | 圖書 |
| 語言: | Undetermined |
| 出版: |
New York, NY
John Wiley & Sons
2002
|
| 主題: | |
| 標簽: |
添加標簽
沒有標簽, 成為第一個標記此記錄!
|
| Thư viện lưu trữ: | Trung tâm Học liệu Trường Đại học Cần Thơ |
|---|
| LEADER | 00592nam a2200217Ia 4500 | ||
|---|---|---|---|
| 001 | CTU_67176 | ||
| 008 | 210402s9999 xx 000 0 und d | ||
| 020 | |b 75 | ||
| 082 | |a 519.7 | ||
| 082 | |b G655 | ||
| 100 | |a Michael T. Goodrich | ||
| 245 | 0 | |a Algorithm design | |
| 245 | 0 | |c Michael T. Goodrich | |
| 260 | |a New York, NY | ||
| 260 | |b John Wiley & Sons | ||
| 260 | |c 2002 | ||
| 526 | |a Phân tích và thiết kế thuật Toán | ||
| 526 | |b SPT619 | ||
| 650 | |a programming ( mathematics ) | ||
| 904 | |i Minh | ||
| 980 | |a Trung tâm Học liệu Trường Đại học Cần Thơ | ||